Normal view
MARC view
- DIGITAL MODULATION AND CODING
Entry Topical Term
001 - CONTROL NUMBER
- control field: 79496
003 - CONTROL NUMBER IDENTIFIER
- control field: NUST
005 - DATE AND TIME OF LATEST TRANSACTION
- control field: 20210628210451.0
008 - FIXED-LENGTH DATA ELEMENTS
- fixed length control field: 210628|| aca||aabn | a|a d
040 ## - CATALOGING SOURCE
- Original cataloging agency: NUST
- Transcribing agency: NUST
150 ## - HEADING--TOPICAL TERM
- Topical term or geographic name entry element: DIGITAL MODULATION AND CODING
670 ## - SOURCE DATA FOUND
- Source citation: Work cat.: (NUST): Wilson, Stephen G 79495, Digital modulation and coding, 2003
